Veľkostné kritériá a vykazovanie informácií o udržateľnosti podľa zákona o účtovníctve

S účinnosťou od 1. júna 2024 prichádzajú do platnosti zásadné zmeny v zákone č. 431/2002 Z. z. o účtovníctve v z. n. p., ktoré vyplývajú z implementácie Delegovanej smernice Komisie (EÚ) 2023/2775. Táto legislatívna úprava prináša okrem iných zmien, aj zvýšenie veľkostných kritérií pre mikro, malé,...

Celý popis

Uložené v:
Podrobná bibliografia
Hlavný autor: Gášpárová, Eva
Médium: Kapitola
Jazyk:Slovak
Predmet:
Tagy: Pridať tag
Žiadne tagy, Buďte prvý, kto otaguje tento záznam!

MARC

LEADER 00000naa a2200000 4500
001 0307872
005 20250328082728.1
041 0 |a slo 
044 |a SK 
245 1 0 |a Veľkostné kritériá a vykazovanie informácií o udržateľnosti podľa zákona o účtovníctve  |c Eva Gášpárová 
520 |a S účinnosťou od 1. júna 2024 prichádzajú do platnosti zásadné zmeny v zákone č. 431/2002 Z. z. o účtovníctve v z. n. p., ktoré vyplývajú z implementácie Delegovanej smernice Komisie (EÚ) 2023/2775. Táto legislatívna úprava prináša okrem iných zmien, aj zvýšenie veľkostných kritérií pre mikro, malé, stredné a veľké podniky či skupiny v oblasti celkovej sumy majetku a čistého obratu. 
610 2 0 |a účtovníctvo podvojné 
610 2 0 |a výkazy účtovné 
610 2 0 |a informácie 
610 2 0 |a udržateľnosť 
610 2 0 |a zákony 
610 2 0 |a smernice 
610 2 0 |a implementácia 
610 2 0 |a Európska únia 
100 1 |a Gášpárová, Eva